000 nam a22 7a 4500
999 _c354229
_d354229
020 _a9780091929114
082 _a650.1 FER
100 _aFerriss, Timothy.
245 _aThe 4-hour work week
_bEscape the 9-5, live anywhere and join the new rich
_cFerriss, Timothy.
260 _aLondon
_bVermilion
_c2007
300 _a396p.
942 _2ddc